000 00854nam a2200265 i 4500
003 DO-SdBNP
005 20241022151439.0
007 ta
008 241022b2012 dr ||||| |||| 00| 0 spa d
020 _a9789945447811
040 _aDO-SdBNP
_bspa
_cBNPHU
_erda
082 4 _axxx
_bC697e
_222
100 1 _aCollado, Faustino,
_eautor
_4aut.
_983804
245 1 0 _aEfecto multiplicador de la educación en el desarrollo humano /
_cFaustino Collado
264 4 _aSanto Domingo :
_bEditora Universitaria-UASD,
_c2012.
300 _a91 páginas ;
_c21 cm.
336 _atexto
_btxt
_2rdacontent
337 _asin mediación
_bn
_2rdamedia
338 _avolumen
_bnc
_2rdacarrier
500 _aIncluye referencias bibliográficas y notas al pie de las páginas
590 _aInventariado, 2024/BT
700 _914014
910 _aBtavárez
942 _2ddc
_cLBS1
999 _c57932
_d57932